000 00343pab a2200145 454500
008 180718b2000 xxu||||| |||| 00| 0 eng d
100 _aKadvekar, S.V.
245 _aAction research in management
260 _c2000
300 _ap.12-13
362 _a31 Jan
650 _aManagement education
773 _aUniversity News
909 _a43806
999 _c43806
_d43806